000 00184 a2200085 4500
020 _a9781250016980
082 _a796.42092 RODG
100 _aRodgers Bill
_9172357
245 _aMarathon man
999 _c745132
_d745131
942 _w429
_xElizabeth Motloung
_y429
_zElizabeth Motloung